Nomeie os 20 melhores seleções de futebol do mundo em 2024 - Statistics

Estatísticas Gerais
  • Esse quiz foi jogado 241 vezes
  • A pontuação média é 17 de 20
Estatísticas das Respostas
Hint Resposta % Correto
1 Argentina
100%
5 Brasil
100%
2 França
99%
8 Espanha
97%
3 Inglaterra
97%
7 Portugal
94%
9 Itália
93%
11 Uruguai
92%
4 Bélgica
90%
16 Alemanha
90%
14 Colômbia
87%
10 Croácia
87%
6 Holanda
86%
17 Japão
82%
15 México
79%
13 Marrocos
77%
12 Estados Unidos
76%
18 Suíça
68%
19 Dinamarca
63%
20 Senegal
50%
Nenhum quiz correspondente encontrado
Distribuição das Pontuações
Porcentagem de Pessoas com Cada Pontuação
Percentil de Números Respondidos
Sua Pontuação Histórica
Você não jogou esse quiz